| 000 | 00968nas a2200313 4500 | ||
|---|---|---|---|
| 001 | BR2012000080 | ||
| 003 | BR-BrBNA | ||
| 005 | 20231205115926.0 | ||
| 007 | ta | ||
| 008 | 230509b bl.|||p| |||| 00| 00por d | ||
| 040 |
_aBR-BrBNA _bpor _cBiblioteca Nacional de Agricultura |
||
| 041 | _a(Pt) | ||
| 072 | _aF60; F30 | ||
| 100 | 1 | _aFlores, P.S. | |
| 100 | 1 | _aSilva, D.F.P. da | |
| 100 | 1 | _aBruckner, C.H. | |
| 100 | 1 | _aOliveira, S.P. de | |
| 100 | 1 | _aSalomão, L.C.C. | |
| 245 | 1 | _aCaracterização físico-química de frutos de maracujazeiro amarelo provenientes da irradiação com raios gama | |
| 650 | _aMARACUJÁ | ||
| 650 | _aPROPRIEDADE FÍSICO-QUÍMICA | ||
| 650 | _aGENÓTIPO | ||
| 650 | _aIRRADIAÇÃO | ||
| 650 | _aRAIO GAMA | ||
| 650 | _aMUTAÇÃO INDUZIDA | ||
| 773 | 0 |
_tCiência Rural (Brazil) _xISSN 0103-8478 _g(Nov 2011), v. 41(11) p. 1903-1906 _wBR2012000080 |
|
| 909 |
_a202311 _bLúcia _c55 _dLúcia Elande |
||
| 942 |
_2AGRIS _n0 _cANA |
||
| 999 |
_c216326 _d216326 |
||